000 00507nam a2200181Ia 4500
008 100920s9999 xx 000 0 und d
082 _b30148
_a370 ढ 23
100 _a---
245 _aPOLITICAL WORKS OF SIR WALTER SCOTT BARNET.
260 _b---
_c1823
300 _a320
_bसाधी
365 _b0
520 _aई.एल.ए.
630 _aPOLITICAL WORKS OF SIR WALTER SCOTT BARNET.
650 _aई.एल.ए.
730 _aPOLITICAL WORKS OF SIR WALTER SCOTT BARNET.
942 _cBOOK
999 _c685632
_d685629